000
00401nam a22001097a 4500
082
_a
200
100
_a
देवदत्त पट्टनायक
_9
72325
245
_a
अहिंसा हडप्पा सभ्यता पर 100 मनन
260
_a
हरियाण
_b
हार्परकॉलिंस पब्लिशिग
_c
2025
650
_a
धर्म
942
_c
HIN
999
_c
68665
_d
68665